000 00615nam a2200181Ia 4500
005 20250423094332.0
008 250422s9999 xx 000 0 und d
020 _a9783341049
050 _aHF 5667 .B33/
100 _aBabatunde, Fakunle
245 0 _aAdvance audit and assurance companion (practice and revision kit)
260 _aLagos
260 _bFakunle Babatunde
260 _c2017
300 _a528 p
650 _aAssociation of Chartered Certified Accountants (Great Britain)--Examinations--Study guides. Auditing--Examinations--Study guides. Accounting--Examinations--Study guides.
942 _cBK
999 _c26941
_d26941